Z historie piva

Titel: Z historie piva / Čeněk Zíbrt
Verfasser:
Ausgabe: Vyd. v tomto výboru 1.
Veröffentlicht: Praha : Vyšehrad, 2013
Umfang: 279, [8] S.
Format: Buch
Sprache: Tschechisch
Schlagworte:
ISBN: 9788074293399
Buchumschlag
X
Lokale Klassifikation: 23 13 B ; 23 3 M
alg: 33547464
001A    $03004:15-01-14 
001B    $06055:06-03-26 $t21:39:01.000 
001C    $03004:11-04-14 $t12:55:37.000 
001D    $03004:11-04-14 
001U    $0utf8 
001X    $00 
002@    $0Aau 
003@    $0335474640 
004A    $A978-80-7429-339-9 
007A    $0335474640 $aHEB 
007G    $0DE020A2B984DB623318F2C1257CBC002ABD78 
009P    $qapplication/pdf $A2 $3Inhaltsverzeichnis $uhttp://scans.hebis.de/HEBCGI/show.pl?33547464_toc.pdf $mV:DE-603;B:DE-Mb50 
010@    $acze 
011@    $a2013 
013H    $0z 
021A    $aZ historie piva $hČeněk Zíbrt 
028A    $7130559954 $8Zíbrt, Čeněk$Z1864-1932 [Tp1] $9134437470 
032@    $aVyd. v tomto výboru 1. 
033A    $pPraha $nVyšehrad 
034D    $a279, [8] S. 
044K    $RTschechien $#Böhmische Kronländer $#Länder der Böhmischen Krone $#Sudetenland $#Böhmen $#Mähren $#Mährisch-Schlesien $#Österreichisch-Schlesien $#Tschechische Sozialistische Republik Böhmische Länder $#Tschechei Böhmische Länder $#Země koruny české $D20251120 $Ecgmnf $74069573-6 $8Böhmische Länder [Tg1] $9085195553 
044K    $RAlkoholisches Getränk $RBrauerei $#Beer $#Cooking (Beer) $#Bière $#Cuisine (bière) $#Birra $#Cerveza $#beers $#Bier $#Bier $#Gerstensaft $D20251120 $Ecgmnf $74006537-6 $8Bier [Ts1] $908500961X 
044K    $RBier $RBierherstellung $#Beer industry $#Breweries $#Brasserie $#Brasseries $#Birrifici $#breweries $#Brauerei $#Bierbrauerei Brauerei $#Braustätte $#Brauhaus $D20251120 $Ecgmnf $74008024-9 $8Brauerei [Ts1] $9085013617 
045F    $a630.94371 $eDDC23BSB 
045F/01 $a630.9 
045F/03 $g4371 
045G    $a390.094371 $eDDC23BSB 
045G/01 $a390 
045G/03 $g4371 

lok: 33547464 24
101B    $011-04-14 $t12:55:37.000 
101C    $011-04-14 
101U    $0utf8 
145Z/01 $a23 13 B 
145Z/02 $a23 3 M 

exp: 33547464 24 1 #EPN
201B/01 $011-04-14 $t12:55:37.000 
201C/01 $015-01-14 
201U/01 $0utf8 
203@/01 $0725648287 
208@/01 $a11-04-14 $bz 
209A/01 $a14.00915 $du $f050 $h14 00915 $x00 
209C/01 $a14.00915 K $h14 00915 K 
209G/01 $a73047510 $x00 
220C/01 $akon 
247C/01 $8358050-7 Marburg, Bibliothek des Herder-Instituts Marburg $9102600961
LEADER 00000cam a2200000 c 4500
001 335474640
003 DE-603
005 20260306213901.0
007 tu
008 140115s2013 xx |||| | u00||u|cze c
020 |a 9788074293399 
035 |a (DE-599)HEB335474640 
040 |a DE-603  |b ger  |c DE-603  |d DE-603 
041 |a cze 
082 0 4 |8 1\u  |a 630.94371  |q DE-101  |2 23/BSB 
083 0 |8 2\u  |a 390.094371  |q DE-101  |2 23/BSB 
085 |8 1\u  |b 630.9 
085 |8 1\u  |z 2  |s 4371 
085 |8 2\u  |b 390 
085 |8 2\u  |z 2  |s 4371 
100 1 |a Zíbrt, Čeněk  |d 1864-1932  |0 (DE-603)134437470  |0 (DE-588)130559954  |2 gnd 
245 0 0 |a Z historie piva  |c Čeněk Zíbrt 
250 |a Vyd. v tomto výboru 1. 
264 1 |a Praha  |b Vyšehrad  |c 2013 
300 |a 279, [8] S. 
650 7 |a Bier  |0 (DE-588)4006537-6  |0 (DE-603)08500961X  |2 gnd 
650 7 |a Brauerei  |0 (DE-588)4008024-9  |0 (DE-603)085013617  |2 gnd 
651 7 |a Böhmische Länder  |0 (DE-588)4069573-6  |0 (DE-603)085195553  |2 gnd 
856 4 2 |m V:DE-603;B:DE-Mb50  |q application/pdf  |u http://scans.hebis.de/HEBCGI/show.pl?33547464_toc.pdf  |3 Inhaltsverzeichnis 
924 0 |9 Mb 50  |a (DE-603)725648287  |b DE-Mb50  |c HES  |d c  |g 14.00915